Анализ задачи непрерывно-дискретного оценивания стохастических процессов в случае наблюдений с памятью при наличии аномальных помех; Известия Томского политехнического университета [Известия ТПУ]; Т. 306, № 2

Xehetasun bibliografikoak
Parent link:Известия Томского политехнического университета [Известия ТПУ]/ Томский политехнический университет (ТПУ).— , 2000-
Т. 306, № 2.— 2003.— [С. 6-11]
Egile nagusia: Демин Н. С. Николай Серапионович
Beste egile batzuk: Рожкова С. В. Светлана Владимировна, Рожкова О. В. Ольга Владимировна
Gaia:Заглавие с титульного листа
Электронная версия печатной публикации
Исследуются свойства фильтра-интерполятора-экстраполятора, синтез которого осуществлен в [1], касающиеся оптимальности процедуры исключения аномальных компонент вектора наблюдения, зависимости точности оценивания от размерности вектора аномальных помех и структуры воздействия его компонент на компоненты вектора наблюдений.
Hizkuntza:errusiera
Argitaratua: 2003
Saila:Естественные науки
Gaiak:
Sarrera elektronikoa:http://www.lib.tpu.ru/fulltext/v/Bulletin_TPU/2003/v306/i2/01.pdf
Formatua: Baliabide elektronikoa Liburu kapitulua
KOHA link:https://koha.lib.tpu.ru/cgi-bin/koha/opac-detail.pl?biblionumber=167177

MARC

LEADER 00000nla2a2200000 4500
001 167177
005 20231225182950.0
035 |a (RuTPU)RU\TPU\book\181342 
035 |a RU\TPU\book\181265 
090 |a 167177 
100 |a 20091013d2003 k y0rusy50 ca 
101 0 |a rus 
102 |a RU 
135 |a drnn ---uucaa 
181 0 |a i  
182 0 |a b 
200 1 |a Анализ задачи непрерывно-дискретного оценивания стохастических процессов в случае наблюдений с памятью при наличии аномальных помех  |f Н. С. Демин, С. В. Рожкова, О. В. Рожкова 
203 |a Текст  |c электронный 
215 |a 1 файл (412 Кб) 
225 1 |a Естественные науки 
300 |a Заглавие с титульного листа 
300 |a Электронная версия печатной публикации 
320 |a [Библиогр.: с. 11 (6 назв.)] 
330 |a Исследуются свойства фильтра-интерполятора-экстраполятора, синтез которого осуществлен в [1], касающиеся оптимальности процедуры исключения аномальных компонент вектора наблюдения, зависимости точности оценивания от размерности вектора аномальных помех и структуры воздействия его компонент на компоненты вектора наблюдений. 
337 |a Adobe Reader 
461 1 |0 (RuTPU)RU\TPU\book\176237  |t Известия Томского политехнического университета [Известия ТПУ]  |f Томский политехнический университет (ТПУ)  |d 2000- 
463 1 |0 (RuTPU)RU\TPU\book\181329  |t Т. 306, № 2  |f под ред. В. А. Власова  |v [С. 6-11]  |d 2003  |p 179 с. 
610 1 |a оценивание 
610 1 |a аномальные помехи 
610 1 |a фильтры 
610 1 |a интерполяторы 
610 1 |a экстраполяторы 
610 1 |a векторы наблюдения 
610 1 |a размерность 
610 1 |a компоненты 
610 1 |a труды учёных ТПУ 
610 1 |a электронный ресурс 
610 1 |a векторы 
610 1 |a аномальные помехи 
700 1 |a Демин  |b Н. С.  |g Николай Серапионович 
701 1 |a Рожкова  |b С. В.  |c математик  |c профессор Томского политехнического университета, доктор физико-математических наук  |f 1971-  |g Светлана Владимировна  |3 (RuTPU)RU\TPU\pers\25740  |4 070  |9 11642 
701 1 |a Рожкова  |b О. В.  |c математик  |c доцент Томского политехнического университета, кандидат физико-математических наук  |f 1966-  |g Ольга Владимировна  |3 (RuTPU)RU\TPU\pers\25739  |4 070  |9 11641 
801 1 |a RU  |b 63413507  |c 20090623  |g PSBO 
801 2 |a RU  |b 63413507  |c 20210513  |g PSBO 
856 4 |u http://www.lib.tpu.ru/fulltext/v/Bulletin_TPU/2003/v306/i2/01.pdf 
942 |c CF